00279nam a2200097Ia 4500008004100000041000800041100002700049245004300076260005400119300000800173240521s1972 xx 000 0 und d aeng aLAL PANDEY,PUNMIA.B.C. aIRRIGATION AND WATER POWER ENGINEERING bDIRECTOR OF TECHNICAL EDUCATION,MAHARASHTRAc1972 a886